[Event "TCh-CHN"]
[Site "Shenzhan CHN"]
[Date "2010.06.08"]
[Round "5"]
[White "Ding, Yixin"]
[Black "Zheng, Ruorong"]
[Result "1-0"]
[WhiteTitle "WFM"]
[WhiteElo "2315"]
[BlackElo "2094"]
[WhiteTeam "ZHEJIANG"]
[BlackTeam "TIANJIN Nan Kai"]
[WhiteFideId "8602972"]
[BlackFideId "8604045"]
[EventDate "2010.05.23"]

1. e4 c6 2. c4 d5 3. exd5 cxd5 4. cxd5 Nf6 5. Qa4+ Nbd7 6. Nc3 g6 7. Bc4 Bg7 8.
d3 O-O 9. Nf3 Ng4 10. O-O a6 11. Qa3 Nde5 12. Nxe5 Bxe5 13. h3 Nf6 14. Be3 Bxc3
15. bxc3 Nxd5 16. Bxd5 Qxd5 17. Qxe7 Qe6 18. Qb4 Rd8 19. Rfe1 Qd6 20. Qh4 Bf5
21. Bd4 Re8 22. Qh6 f6 23. Qh4 Rxe1+ 24. Rxe1 Rf8 25. Re3 b5 26. Qh6 Bd7 27. Qh4
Bc6 28. Qg4 Bd7 29. Qe4 Bf5 30. Qb7 Bc8 31. Qa7 Qd7 32. Qb6 Qb7 33. Qc5 Bd7 34.
Re7 Rf7 35. Qd6 Qc6 36. Qxc6 Bxc6 37. Re6 Bd7 38. Rxa6 Bf5 39. Bxf6 Bxd3 40. Bd4
Rd7 41. a3 Kf7 42. Rf6+ Ke7 43. Rf3 Bc4 44. Kh2 Ke6 45. Kg3 Rf7 46. Re3+ Kd6 47.
Re8 Kd7 48. Ra8 Bb3 49. Ra6 Bc2 50. Kg4 h5+ 51. Kg5 Rf8 52. Kh6 Be4 53. g3 Rf3
54. h4 Bc2 55. Rxg6 Bxg6 56. Kxg6 Ke6 57. Kxh5 Rf8 58. g4 Kf7 59. f4 Ra8 60. f5
Rxa3 61. g5 Ra4 62. g6+ Kg8 63. f6 Rc4 64. f7+ Kf8 65. Kh6 b4 66. Bg7+ 1-0

[Event "TCh-CHN"]
[Site "Shenzhan CHN"]
[Date "2010.06.08"]
[Round "5"]
[White "Ning, Chunhong"]
[Black "Xu, Yuhua"]
[Result "0-1"]
[WhiteTitle "WGM"]
[BlackTitle "GM"]
[WhiteElo "2347"]
[BlackElo "2478"]
[WhiteTeam "TIANJIN Nan Kai"]
[BlackTeam "ZHEJIANG"]
[WhiteFideId "8600376"]
[BlackFideId "8600635"]
[EventDate "2010.05.23"]

1. d4 e6 2. Nf3 Nf6 3. Bg5 h6 4. Bh4 b6 5. e3 Bb7 6. Nbd2 d6 7. c3 Nbd7 8. h3
Be7 9. Bd3 c5 10. O-O cxd4 11. cxd4 O-O 12. Rc1 e5 13. Bxf6 Bxf6 14. Be4 d5 15.
Bb1 e4 16. Nh2 Be7 17. Qa4 Bd6 18. f4 exf3 19. Rxf3 Nf6 20. Nhf1 Ne4 21. Bd3 a6
22. a3 Kh8 23. Bxe4 dxe4 24. Rf2 f5 25. Qd1 b5 26. Nb3 Bd5 27. Nc5 Qe8 28. Qd2
Qe7 29. b4 Rf6 30. Re1 Raf8 31. Nxa6 Ra8 32. Nc5 Rxa3 33. Qc1 Ra8 34. Qd1 Raf8
35. Qb1 Rg6 36. Qc2 Rf7 37. Ra1 f4 38. exf4 Bxf4 39. Re2 Qf6 40. Qc3 Qh4 41.
Rae1 e3 42. Qd3 Rxg2+ 43. Rxg2 Bxg2 0-1

[Event "TCh-CHN"]
[Site "Shenzhan CHN"]
[Date "2010.06.08"]
[Round "5"]
[White "Zhao, Jun"]
[Black "Lou, Yiping"]
[Result "1/2-1/2"]
[WhiteTitle "GM"]
[WhiteElo "2575"]
[BlackElo "2429"]
[WhiteTeam "SHANGDONG Linglong"]
[BlackTeam "SHANGHAI Jianqiao"]
[WhiteFideId "8602522"]
[BlackFideId "8603928"]
[EventDate "2010.05.23"]

1. Nf3 Nf6 2. c4 c5 3. g3 Nc6 4. Bg2 d6 5. O-O g6 6. d4 cxd4 7. Nxd4 Bd7 8. b3
Bg7 9. Bb2 O-O 10. Nc3 Qa5 11. e3 Rfc8 12. h3 Rab8 13. a4 a6 14. Re1 Qd8 15. Bf1
Be8 16. Nde2 d5 17. cxd5 Nxd5 18. Qxd5 Qxd5 19. Nxd5 Bxb2 20. Rab1 Bg7 21. Rec1
Kf8 22. Bg2 b5 23. axb5 axb5 24. b4 g5 25. Ndc3 Ne5 26. Ne4 h6 27. Nc5 Nc4 28.
Nd4 e6 29. Rd1 Bf6 30. Ra1 Be7 31. Rab1 Bf6 32. Ra1 Be7 33. Ndb3 Nb2 34. Rdc1
Na4 35. Ra2 Kg8 36. Rac2 Nxc5 37. bxc5 Bc6 38. Ra1 Bxg2 39. Kxg2 Rc7 40. Ra6 b4
41. Kf3 Bf6 42. Rc4 Kf8 43. Ke2 Bc3 44. h4 Ke7 45. hxg5 hxg5 46. Rg4 Kf6 47. f4
gxf4 48. gxf4 Rd8 49. Rg5 Ke7 50. Rh5 Bf6 51. Rb6 Bc3 52. Ra6 Bf6 53. e4 Bc3 54.
f5 exf5 55. exf5 Rcd7 56. Rh7 Rd5 57. Ra7+ R8d7 58. Rxd7+ Rxd7 59. Ke3 Kf6 60.
Ke4 Re7+ 61. Kd5 Re5+ 62. Kd6 Rxf5 63. Rh3 Be5+ 64. Kd7 Rf1 65. c6 Rd1+ 66. Kc8
Kg5 67. Kb7 f5 68. Re3 Rd5 69. Re2 f4 70. Nd2 Rxd2 71. Rxd2 f3 72. Rd5 Kf4 73.
Rxe5 Kxe5 74. c7 f2 75. c8=Q f1=Q 76. Qc5+ Ke6 77. Qxb4 1/2-1/2

[Event "TCh-CHN"]
[Site "Shenzhan CHN"]
[Date "2010.06.08"]
[Round "5"]
[White "Zhou, Jianchao"]
[Black "Bu, Xiangzhi"]
[Result "1-0"]
[WhiteTitle "GM"]
[BlackTitle "GM"]
[WhiteElo "2650"]
[BlackElo "2682"]
[WhiteTeam "SHANGHAI Jianqiao"]
[BlackTeam "SHANGDONG Linglong"]
[WhiteFideId "8603537"]
[BlackFideId "8601445"]
[EventDate "2010.05.23"]

1. d4 d5 2. c4 c6 3. Nc3 dxc4 4. e4 b5 5. a4 b4 6. Na2 Nf6 7. e5 Nd5 8. Bxc4 e6
9. Nf3 Be7 10. O-O a5 11. Bd2 Nd7 12. Nc1 Bb7 13. Nb3 O-O 14. Bd3 Rc8 15. Nc5
Nxc5 16. dxc5 Rc7 17. Qc2 Kh8 18. Rac1 Rd7 19. Bxh7 b3 20. Qb1 Ba6 21. Rfe1 f5
22. Bg6 Nb4 23. Bxb4 axb4 24. Rcd1 Kg8 25. Rd6 Bc4 26. Qd1 Bxd6 27. exd6 Bd5 28.
h4 f4 29. Ng5 f3 30. Bh7+ Kh8 31. Be4 Qf6 32. Qxf3 Qxf3 33. Nxf3 Ra7 34. Ne5 1-0

[Event "TCh-CHN"]
[Site "Shenzhan CHN"]
[Date "2010.06.08"]
[Round "5"]
[White "Ju, Wenjun"]
[Black "Dzagnidze, Nana"]
[Result "0-1"]
[WhiteTitle "WGM"]
[BlackTitle "GM"]
[WhiteElo "2500"]
[BlackElo "2479"]
[WhiteTeam "SHANGHAI Jianqiao"]
[BlackTeam "SHANGDONG Linglong"]
[WhiteFideId "8603006"]
[BlackFideId "13601903"]
[EventDate "2010.05.23"]

1. d4 Nf6 2. c4 e6 3. g3 d5 4. Nf3 dxc4 5. Bg2 Nc6 6. Qa4 Bd7 7. Qxc4 Na5 8. Qd3
c5 9. dxc5 Bxc5 10. O-O Rc8 11. Ne5 O-O 12. Nxd7 Nxd7 13. Nc3 Ne5 14. Qe4 Nec4
15. Rb1 Bb4 16. Nb5 Qb6 17. Nd4 Nd6 18. Qd3 Nac4 19. a3 Ne5 20. Qd1 Bc5 21. Nb3
Rfd8 22. Nxc5 Qxc5 23. Be3 Qb5 24. a4 Qa6 25. Qd4 Nec4 26. Qxa7 Qxa7 27. Bxa7
Nd2 28. Rbd1 Nxf1 29. Bb6 Rd7 30. Bxf1 Kf8 31. e3 Ke7 32. b4 Ne4 33. Rxd7+ Kxd7
34. Bd3 Rc1+ 35. Kg2 f5 36. Bd4 g6 37. f3 Nc3 38. a5 Kd6 39. Kf2 e5 40. Bc5+ Kd5
41. a6 bxa6 42. Bxa6 Rc2+ 43. Kg1 Kc6 44. Bc8 e4 45. f4 Kd5 46. g4 fxg4 47. Bxg4
Ne2+ 48. Kf1 Nc1 49. h4 Nd3 50. Be7 Rc7 51. Bf6 Nxb4 52. h5 Nd3 53. h6 Rc1+ 54.
Ke2 Rh1 55. Bg7 Rh2+ 56. Kf1 Rf2+ 57. Kg1 Rc2 58. Kf1 Rc1+ 59. Ke2 Re1+ 60. Kd2
Rg1 61. Bc8 Rg2+ 62. Kd1 Nf2+ 63. Ke1 Nd3+ 64. Kd1 Kd6 65. f5 Ne5 66. fxg6 Nxg6
67. Bf5 Kd5 68. Ke1 Rg5 69. Bc8 Kd6 70. Bb7 Rg4 71. Bc8 Rg3 72. Bf5 Kd5 73. Ke2
Rg5 74. Bc8 Ne5 75. Bb7+ Nc6 76. Bc8 Kd6 77. Bf8+ Kc7 78. Be6 Nd8 79. Bb3 Kd7
80. Ba4+ Ke6 81. Bb3+ Kf6 82. Bg7+ Kf5 83. Ba4 Ne6 84. Bd7 Rg2+ 85. Kf1 Rc2 86.
Bb5 Rc7 87. Bh8 Kg5 88. Kg2 Kxh6 89. Kg3 Kg5 0-1

[Event "TCh-CHN"]
[Site "Shenzhan CHN"]
[Date "2010.06.08"]
[Round "5"]
[White "Li, Shilong"]
[Black "Wan, Yunguo"]
[Result "1/2-1/2"]
[WhiteTitle "GM"]
[WhiteElo "2514"]
[BlackElo "2424"]
[WhiteTeam "GUANGDONG Huateng"]
[BlackTeam "HEBEI"]
[WhiteFideId "8600678"]
[BlackFideId "8603189"]
[EventDate "2010.05.23"]

1. d4 Nf6 2. c4 g6 3. Nc3 Bg7 4. e4 d6 5. f3 O-O 6. Be3 c5 7. Nge2 Nc6 8. d5 Ne5
9. Ng3 e6 10. Be2 exd5 11. cxd5 a6 12. Qd2 b5 13. O-O Re8 14. Nd1 h5 15. Bh6 h4
16. Nh1 Nh7 17. Bxg7 Kxg7 18. f4 Nd7 19. Nhf2 f5 20. exf5 gxf5 21. a4 bxa4 22.
Rxa4 Qf6 23. Ra3 Qd4 24. Rd3 Qb4 25. Nc3 Nb6 26. Rh3 Nf6 27. Rxh4 Nbxd5 28. Bf3
Bb7 29. Bxd5 Bxd5 30. Qd3 Be6 31. Qxd6 Rad8 32. Qc7+ Rd7 33. Qe5 Rd2 34. Qc7+
Rd7 35. Qe5 Rd2 36. Nce4 fxe4 37. Qg5+ Kf7 38. Rh6 Qd4 39. Rxf6+ Qxf6 40. Qxf6+
Kxf6 41. Nxe4+ Kf5 42. Nxd2 Bd5 43. h3 Re3 44. g4+ Kf6 45. Rf2 Rxh3 46. Kf1 Rg3
47. g5+ Kf5 48. Ke2 a5 49. Nb1 a4 50. Nc3 Bb3 51. Rf3 Rg2+ 52. Rf2 Rxf2+ 53.
Kxf2 Kxf4 54. g6 Kf5 55. g7 Kf6 56. Nxa4 Kxg7 57. Nxc5 Bd5 58. Ke3 Kf6 59. Kd4
Bg2 60. Nd3 Ke7 61. Kc5 Kd7 62. Kb6 Bf1 63. Nb4 Kc8 64. Na6 Be2 65. b4 Bf1 1/2-1/2

[Event "TCh-CHN"]
[Site "Shenzhan CHN"]
[Date "2010.06.08"]
[Round "5"]
[White "Wang, Doudou"]
[Black "Kuang, Yinghui"]
[Result "1/2-1/2"]
[BlackTitle "WIM"]
[WhiteElo "2225"]
[BlackElo "2202"]
[WhiteTeam "HEBEI"]
[BlackTeam "GUANGDONG Huateng"]
[WhiteFideId "8603197"]
[BlackFideId "8600988"]
[EventDate "2010.05.23"]

1. d4 Nf6 2. c4 e6 3. Nc3 b6 4. e4 Bb7 5. Bd3 d6 6. Nge2 Be7 7. O-O O-O 8. Ng3
c5 9. d5 exd5 10. exd5 Nbd7 11. f4 Re8 12. Qf3 Nf8 13. Bd2 Ne6 14. Nf5 Nf8 15.
Qg3 Ng6 16. Nxg7 Kxg7 17. f5 Bc8 18. fxg6 hxg6 19. Rae1 Ng4 20. Qf4 Bf6 21. h3
Rxe1 22. Bxe1 Ne5 23. Bb1 Bg5 24. Qf2 f5 25. b3 Bd7 26. Ne2 Qe7 27. Nf4 Rh8 28.
Bc3 Rh4 29. Nd3 Bf6 30. Re1 Rh8 31. Qg3 Re8 32. Nf4 Qf7 33. Nh5+ Kf8 34. Nxf6
Qxf6 35. h4 Kf7 36. Bc2 Rh8 37. Bxe5 dxe5 38. Qxe5 Qxh4 39. Re3 Qh1+ 40. Kf2
Qh4+ 41. Kg1 Qh1+ 42. Kf2 Qh4+ 1/2-1/2

[Event "TCh-CHN"]
[Site "Shenzhan CHN"]
[Date "2010.06.08"]
[Round "5"]
[White "Pham, Le Thao Nguyen"]
[Black "Zhai, Mo"]
[Result "0-1"]
[WhiteTitle "WIM"]
[BlackTitle "WFM"]
[WhiteElo "2338"]
[BlackElo "2110"]
[WhiteTeam "GUANGDONG Huateng"]
[BlackTeam "HEBEI"]
[WhiteFideId "12401226"]
[BlackFideId "8600201"]
[EventDate "2010.05.23"]

1. d4 Nf6 2. Nf3 e6 3. g3 b6 4. Bg2 Bb7 5. O-O c5 6. c4 cxd4 7. Qxd4 Be7 8. Nc3
O-O 9. b3 Nc6 10. Qd2 Nb4 11. Bb2 Rc8 12. Rfd1 a5 13. Ne5 Bxg2 14. Kxg2 d6 15.
Nf3 Rc7 16. e4 Rd7 17. Qe2 Qa8 18. Rd2 Rfd8 19. Rad1 Qb7 20. Ba3 h6 21. Kg1 Bf8
22. Nd4 h5 23. f3 g6 24. Ndb5 Qc6 25. Bxb4 axb4 26. Na4 Kh7 27. Kg2 Rb8 28. Nb2
Rdd8 29. Nd3 d5 30. Nf4 Bh6 31. e5 Bxf4 32. gxf4 Ne8 33. cxd5 Rxd5 34. Rxd5 exd5
35. Nd4 Qd7 36. Nc2 Qf5 37. Rd4 Nc7 38. Ne3 Qd7 39. f5 Qc6 40. Kf2 Qc5 41. Qd2
Ra8 42. Rf4 g5 43. Rxb4 Rxa2 44. Qxa2 Qxb4 45. Qc2 Qc5 46. Qd3 d4 47. f6+ Kg8
48. Nc4 b5 49. Qf5 bxc4 50. Qxg5+ Kf8 51. Qxh5 Ke8 52. Qf5 Ne6 53. bxc4 d3+ 54.
Kf1 Qxc4 55. Qg4 Qc1+ 56. Kf2 Qc2+ 57. Kg3 d2 58. Qb4 Nc5 59. Qb8+ Kd7 60. Qd6+
Kc8 61. Qf8+ Kb7 62. Qxf7+ Kb6 63. Qg8 d1=Q 64. f7 Qg1+ 0-1

[Event "TCh-CHN"]
[Site "Shenzhan CHN"]
[Date "2010.06.08"]
[Round "5"]
[White "Wang, Yu A."]
[Black "Huang, Qian"]
[Result "1/2-1/2"]
[WhiteTitle "IM"]
[BlackTitle "WGM"]
[WhiteElo "2335"]
[BlackElo "2439"]
[WhiteTeam "BEIJING Aigo"]
[BlackTeam "China Mobile CHONGQING"]
[WhiteFideId "8601097"]
[BlackFideId "8602689"]
[EventDate "2010.05.23"]

1. e4 c5 2. Nf3 d6 3. d4 cxd4 4. Qxd4 Nc6 5. Bb5 Bd7 6. Bxc6 Bxc6 7. c4 Nf6 8.
Nc3 e6 9. O-O Be7 10. b3 O-O 11. Bb2 Qa5 12. Rfd1 Rfd8 13. Qd3 Rac8 14. Nd4 Qg5
15. Nxc6 bxc6 16. Qe2 Nd7 17. Na4 Nb6 18. Nxb6 axb6 19. Rd3 e5 20. Rad1 Qg6 21.
a4 Qe6 22. Ba3 Ra8 23. Bb4 h6 24. h3 Rd7 25. Qg4 Qxg4 26. hxg4 c5 27. Bc3 f6 28.
Rh3 Bf8 29. Kf1 Kf7 30. Ke2 Ke6 31. Kd3 g5 32. Kc2 Bg7 33. Kb2 Bf8 1/2-1/2

[Event "TCh-CHN"]
[Site "Shenzhan CHN"]
[Date "2010.06.09"]
[Round "6"]
[White "Zhou, Weiqi"]
[Black "Xiu, Deshun"]
[Result "1/2-1/2"]
[WhiteTitle "GM"]
[WhiteElo "2584"]
[BlackElo "2493"]
[WhiteTeam "Lanpo JIANGSU"]
[BlackTeam "BEIJING Aigo"]
[WhiteFideId "8601674"]
[BlackFideId "8603693"]
[EventDate "2010.05.23"]

1. d4 Nf6 2. c4 e6 3. Nf3 d5 4. g3 dxc4 5. Bg2 c6 6. a4 a5 7. O-O Nbd7 8. Na3
Bxa3 9. bxa3 Qe7 10. Qc2 e5 11. dxe5 Nxe5 12. Nxe5 Qxe5 13. Bf4 Qe6 14. Rad1 O-O
15. e4 Re8 16. Rfe1 Nd7 17. Qc3 Nb6 18. Qc2 Nd7 19. Qc3 Nb6 20. Qc2 Nd7 1/2-1/2

[Event "TCh-CHN"]
[Site "Shenzhan CHN"]
[Date "2010.06.09"]
[Round "6"]
[White "Xu, Jun"]
[Black "Li, Chao b"]
[Result "1/2-1/2"]
[WhiteTitle "GM"]
[BlackTitle "GM"]
[WhiteElo "2513"]
[BlackElo "2613"]
[WhiteTeam "Lanpo JIANGSU"]
[BlackTeam "BEIJING Aigo"]
[WhiteFideId "8600031"]
[BlackFideId "8604436"]
[EventDate "2010.05.23"]

1. Nf3 Nf6 2. c4 g6 3. Nc3 d5 4. cxd5 Nxd5 5. e4 Nxc3 6. dxc3 Qxd1+ 7. Kxd1 f6
8. Be3 e5 9. Nd2 Be6 10. Bc4 Kf7 11. Kc2 Nd7 12. b4 Be7 13. Bxe6+ Kxe6 14. f3 a5
15. a3 b5 16. Rhb1 Rhb8 17. Nb3 a4 18. Nc1 c5 19. bxc5 Nxc5 20. Ra2 f5 21. Bxc5
Bxc5 22. Nd3 Bd6 23. Nb4 fxe4 24. fxe4 Rf8 25. Kd3 Rab8 26. Nd5 Kd7 27. Rab2 Ke6
28. c4 bxc4+ 29. Kxc4 Rxb2 30. Rxb2 Rf1 31. Rb6 Kd7 32. Rb7+ Kc6 33. Rb6+ Kd7
34. Rb7+ Kc6 1/2-1/2

[Event "TCh-CHN"]
[Site "Shenzhan CHN"]
[Date "2010.06.09"]
[Round "6"]
[White "Wang, Jue"]
[Black "Guo, Qi"]
[Result "0-1"]
[WhiteElo "2180"]
[BlackElo "2143"]
[WhiteTeam "BEIJING Aigo"]
[BlackTeam "Lanpo JIANGSU"]
[WhiteFideId "8604070"]
[BlackFideId "8604002"]
[EventDate "2010.05.23"]

1. e4 e6 2. d4 d5 3. Nc3 Nf6 4. Bg5 dxe4 5. Nxe4 Nbd7 6. Nf3 h6 7. Nxf6+ Nxf6 8.
Be3 Nd5 9. Bd3 Nxe3 10. fxe3 Bd6 11. e4 c5 12. e5 Be7 13. Qe2 Bd7 14. O-O-O Qc7
15. Be4 cxd4 16. Rxd4 Bc5 17. Rd2 O-O-O 18. Nd4 Kb8 19. Rhd1 f5 20. Bf3 a6 21.
Kb1 Bc8 22. c3 g5 23. h3 Bb6 24. g4 Rhe8 25. Bg2 Qh7 26. Ka1 f4 27. Qc4 Qc7 28.
Qb3 Ka7 29. Re1 Re7 30. Qa4 Bxd4 31. Rxd4 Red7 32. a3 Rxd4 33. cxd4 Qb6 34. Rd1
Bd7 35. Qb4 Bc6 36. Bxc6 Qxb4 37. axb4 bxc6 38. Ka2 Rb8 39. Kb3 f3 40. Rf1 Rf8
41. Kc4 Kb6 42. Rf2 Rf7 43. b5 axb5+ 44. Kd3 Rf4 45. b4 c5 46. dxc5+ Kc6 47. Ke3
Rxb4 48. Rd2 Rf4 49. Kf2 Kxc5 50. Rd6 b4 51. Rxe6 b3 52. Re8 Rb4 53. Rc8+ Kd5
54. Rc1 b2 55. Rb1 Rb3 56. Kg3 Kxe5 57. Kf2 Kf4 58. h4 gxh4 59. g5 hxg5 60. Rd1
g4 61. Rd4+ Ke5 62. Rxg4 b1=Q 63. Rg5+ Qf5 64. Rxf5+ Kxf5 65. Kf1 Kf4 66. Kf2
Rb2+ 67. Ke1 h3 68. Kd1 h2 69. Kc1 Rg2 0-1

[Event "TCh-CHN"]
[Site "Shenzhan CHN"]
[Date "2010.06.09"]
[Round "6"]
[White "Ruan, Lufei"]
[Black "Wang, Yu A."]
[Result "1/2-1/2"]
[WhiteTitle "WGM"]
[BlackTitle "IM"]
[WhiteElo "2479"]
[BlackElo "2335"]
[WhiteTeam "Lanpo JIANGSU"]
[BlackTeam "BEIJING Aigo"]
[WhiteFideId "8602727"]
[BlackFideId "8601097"]
[EventDate "2010.05.23"]

1. e4 e5 2. Nf3 Nc6 3. d4 exd4 4. Nxd4 Nf6 5. Nxc6 bxc6 6. e5 Qe7 7. Qe2 Nd5 8.
c4 Ba6 9. g3 f6 10. e6 O-O-O 11. Bh3 Kb8 12. b3 dxe6 13. a3 h5 14. O-O h4 15.
Bg2 hxg3 16. hxg3 g5 17. Qc2 Qe8 18. Re1 Qh5 19. Nd2 Qh2+ 20. Kf1 e5 21. Nf3 Qh7
22. Qxh7 Rxh7 23. Nd2 Be7 24. Kg1 Nb6 25. Be4 Rh6 26. Nf1 c5 27. Ne3 Bc8 28. a4
Rdh8 29. a5 Bb7 30. Bxb7 Kxb7 31. Kg2 Nc8 32. Ba3 Bd6 33. Nf5 Rh2+ 34. Kf3 Ne7
35. Nxe7 Bxe7 36. Rad1 Bd6 37. Bc1 g4+ 38. Ke2 f5 39. Rg1 Kc6 40. Bd2 Rb8 41.
Rb1 Kd7 42. Bc3 Ke6 43. Bd2 a6 44. Bc3 Rg8 45. b4 cxb4 46. Bxb4 Bxb4 47. Rxb4 f4
48. c5 fxg3 49. Rxg3 Rf8 50. Rbxg4 Rfxf2+ 51. Kd3 Kd5 52. Rg7 Rd2+ 53. Ke3 Rde2+
54. Kf3 e4+ 55. Kg4 c6 56. Ra7 Kxc5 57. Rxa6 e3 58. Kf4 Kd4 59. Rxc6 Ref2+ 60.
Kg4 e2 61. Re6 Rh6 62. Re8 Rh8 63. Re7 Rg8+ 64. Kh3 Rh8+ 65. Kg4 Rg8+ 66. Kh3
Rh8+ 67. Kg4 Rg8+ 68. Kh3 1/2-1/2

[Event "TCh-CHN"]
[Site "Shenzhan CHN"]
[Date "2010.06.09"]
[Round "6"]
[White "Wan, Yunguo"]
[Black "Gao, Rui"]
[Result "1/2-1/2"]
[BlackTitle "IM"]
[WhiteElo "2424"]
[BlackElo "2464"]
[WhiteTeam "HEBEI"]
[BlackTeam "China Mobile CHONGQING"]
[WhiteFideId "8603189"]
[BlackFideId "8602387"]
[EventDate "2010.05.23"]

1. e4 c5 2. Nf3 d6 3. d4 cxd4 4. Nxd4 Nf6 5. Nc3 a6 6. a4 e6 7. Be2 Be7 8. O-O
O-O 9. f4 Qc7 10. Kh1 Nc6 11. Be3 Bd7 12. Nb3 b6 13. Bf3 Rfe8 14. Qe2 Nb4 15. e5
Nfd5 16. Nxd5 Nxd5 17. Bxd5 exd5 18. Bd4 Qc4 19. Qf2 b5 20. Qg3 dxe5 21. fxe5
Be6 22. axb5 axb5 23. Rac1 Rac8 24. Qe3 h6 25. Nd2 Qa4 26. c3 b4 27. cxb4 Rxc1
28. Rxc1 Bg5 29. Qd3 Qxb4 30. Bc3 Qa4 31. b3 Qg4 32. Rf1 Rc8 33. Nf3 Qe4 34.
Qxe4 dxe4 35. Nxg5 hxg5 36. Rc1 e3 37. Kg1 Bxb3 38. Kf1 Bc4+ 39. Ke1 Ba6 40. Bb2
Rd8 41. Rc6 Bb5 42. Rc5 Ba6 43. Rc6 Rb8 44. Rxa6 Rxb2 45. e6 fxe6 46. Rxe6 Rxg2
47. Rxe3 Rxh2 48. Kf1 Kf7 49. Kg1 Ra2 50. Rb3 Kf6 51. Rb6+ Kf5 52. Rb5+ Kg4 53.
Rb4+ Kh3 54. Rb3+ Kh4 55. Rb4+ g4 56. Rb3 g3 57. Rb8 Kh3 58. Rh8+ Kg4 59. Rb8
Re2 60. Ra8 g6 61. Rb8 g5 62. Ra8 g2 63. Ra3 Kh4 64. Rh3+ Kg4 65. Ra3 Kf4 66.
Rb3 Re3 67. Rxe3 Kxe3 68. Kxg2 Kf4 69. Kf2 g4 70. Kg2 g3 71. Kg1 Kf3 72. Kf1 g2+
73. Kg1 Kg3 1/2-1/2

[Event "TCh-CHN"]
[Site "Shenzhan CHN"]
[Date "2010.06.09"]
[Round "6"]
[White "Huang, Qian"]
[Black "Guo, Jun"]
[Result "1-0"]
[WhiteTitle "WGM"]
[BlackTitle "WFM"]
[WhiteElo "2439"]
[BlackElo "2251"]
[WhiteTeam "China Mobile CHONGQING"]
[BlackTeam "HEBEI"]
[WhiteFideId "8602689"]
[BlackFideId "8600740"]
[EventDate "2010.05.23"]

1. Nf3 Nf6 2. g3 d5 3. Bg2 e6 4. O-O Be7 5. d3 c5 6. Nbd2 Nc6 7. e4 O-O 8. Re1
b5 9. e5 Nd7 10. Nf1 a5 11. h4 b4 12. c4 bxc3 13. bxc3 Ba6 14. Bf4 Rb8 15. h5
Qb6 16. h6 g6 17. Re2 a4 18. N1h2 Qa5 19. Rc1 a3 20. Ng4 Rb2 21. Bg5 Rfb8 22.
Bxe7 Nxe7 23. Bf1 Nf5 24. Rec2 Rxc2 25. Rxc2 Qa4 26. Ne1 Bb5 27. Be2 Qa5 28. Qc1
Bc6 29. Nf3 d4 30. c4 Qa8 31. Ng5 Rb6 32. Kh2 Qb7 33. Qxa3 Rb1 34. Rc1 Rb2 35.
Qa5 Qb8 36. Re1 Kf8 37. Nxh7+ Ke7 38. Nhf6 Nxh6 39. Nxh6 Qxe5 40. Nxd7 Bxd7 41.
Qd8+ 1-0

[Event "TCh-CHN"]
[Site "Shenzhan CHN"]
[Date "2010.06.09"]
[Round "6"]
[White "Zhai, Mo"]
[Black "Tan, Zhongyi"]
[Result "0-1"]
[WhiteTitle "WFM"]
[BlackTitle "WGM"]
[WhiteElo "2110"]
[BlackElo "2464"]
[WhiteTeam "HEBEI"]
[BlackTeam "China Mobile CHONGQING"]
[WhiteFideId "8600201"]
[BlackFideId "8603642"]
[EventDate "2010.05.23"]

1. e4 d6 2. d4 Nf6 3. Nc3 g6 4. g3 Bg7 5. Bg2 O-O 6. Nge2 c6 7. a4 a5 8. O-O Na6
9. h3 Nb4 10. Be3 e5 11. Qd2 Be6 12. Rfd1 Qe7 13. g4 Rfd8 14. d5 Bd7 15. Ng3
cxd5 16. exd5 Rdc8 17. Bg5 Qf8 18. f4 h6 19. fxe5 hxg5 20. exf6 Bxf6 21. Nge4
Be5 22. Qxg5 Nxc2 23. Rac1 Nd4 24. Rf1 Qg7 25. Nf6+ Bxf6 26. Rxf6 Rxc3 27. Rxc3
Ne2+ 28. Kh2 Nxc3 29. bxc3 Bxa4 30. Rxd6 Be8 31. Qe7 Qxc3 32. Qxb7 Rc8 33. Rc6
Qe5+ 34. Kg1 Rb8 35. Qc7 Rb1+ 36. Kf2 Qe1+ 37. Kf3 Rb3+ 38. Kf4 Qe3# 0-1

[Event "TCh-CHN"]
[Site "Shenzhan CHN"]
[Date "2010.06.09"]
[Round "6"]
[White "Bu, Xiangzhi"]
[Black "Li, Shilong"]
[Result "1-0"]
[WhiteTitle "GM"]
[BlackTitle "GM"]
[WhiteElo "2682"]
[BlackElo "2514"]
[WhiteTeam "SHANGDONG Linglong"]
[BlackTeam "GUANGDONG Huateng"]
[WhiteFideId "8601445"]
[BlackFideId "8600678"]
[EventDate "2010.05.23"]

1. Nf3 Nf6 2. c4 g6 3. b3 Bg7 4. Bb2 O-O 5. g3 d6 6. d4 Bf5 7. Bg2 Qc8 8. O-O
Bh3 9. Nc3 Qg4 10. Re1 Bxg2 11. Kxg2 Ne4 12. Nd5 Qd7 13. Qc2 f5 14. Nc3 Nxc3 15.
Bxc3 Na6 16. e4 f4 17. Rad1 e6 18. e5 fxg3 19. hxg3 Rf5 20. Nh4 Rf7 21. f4 Qc6+
22. d5 exd5 23. cxd5 Qc5 24. Qd2 dxe5 25. fxe5 Rd7 26. Nf3 Rad8 27. Bd4 Qxd5 28.
e6 Re7 29. Qc3 Rxe6 30. Bxg7 Qxd1 31. Rxd1 Rxd1 32. Qc4 Rd6 33. Be5 Rc6 34. Qd5
Kf8 35. Nd4 Ke7 36. Nxe6 Rxe6 37. Qxb7 1-0

[Event "TCh-CHN"]
[Site "Shenzhan CHN"]
[Date "2010.06.09"]
[Round "6"]
[White "Wen, Yang"]
[Black "Nguyen, Ngoc Truong Son"]
[Result "1/2-1/2"]
[WhiteTitle "GM"]
[BlackTitle "GM"]
[WhiteElo "2520"]
[BlackElo "2642"]
[WhiteTeam "SHANGDONG Linglong"]
[BlackTeam "GUANGDONG Huateng"]
[WhiteFideId "8602956"]
[BlackFideId "12401110"]
[EventDate "2010.05.23"]

1. e4 e5 2. Nf3 Nc6 3. Bc4 Bc5 4. c3 Nf6 5. d3 O-O 6. O-O d5 7. exd5 Nxd5 8. h3
Nb6 9. Bb5 Bd6 10. Re1 Ne7 11. d4 exd4 12. Nxd4 Ng6 13. Nd2 Nd5 14. Bf1 c5 15.
N4f3 b6 16. Ne4 Bc7 17. Bg5 Qd7 18. Bc1 Qd8 19. Bg5 Qd7 20. Nh4 Ne5 21. Nf3 1/2-1/2

[Event "TCh-CHN"]
[Site "Shenzhan CHN"]
[Date "2010.06.09"]
[Round "6"]
[White "Kuang, Yinghui"]
[Black "Dzagnidze, Nana"]
[Result "1/2-1/2"]
[WhiteTitle "WIM"]
[BlackTitle "GM"]
[WhiteElo "2202"]
[BlackElo "2479"]
[WhiteTeam "GUANGDONG Huateng"]
[BlackTeam "SHANGDONG Linglong"]
[WhiteFideId "8600988"]
[BlackFideId "13601903"]
[EventDate "2010.05.23"]

1. e4 c6 2. d4 d5 3. Nc3 dxe4 4. Nxe4 Nd7 5. Nf3 Ngf6 6. Nxf6+ Nxf6 7. Be2 Bg4
8. O-O e6 9. c3 Bd6 10. Ne5 Bxe2 11. Qxe2 Qc7 12. h3 Nd5 13. Bd2 O-O 14. c4 Ne7
15. Bc3 Rad8 16. Rad1 Nf5 17. Rfe1 Rfe8 18. Qc2 c5 19. dxc5 Bxc5 20. b3 f6 21.
Nf3 a5 22. Rxd8 Qxd8 23. Rd1 Qc7 24. Qd2 b6 25. Qd7 Qxd7 26. Rxd7 e5 27. Kf1 Re7
28. Rxe7 Nxe7 29. Ne1 Nc6 30. Nc2 Kf7 31. a3 Ke6 32. b4 Be7 33. Ke2 h5 34. f3 g6
35. Bd2 f5 36. Be3 axb4 37. axb4 Bxb4 38. Bxb6 Kd6 39. Be3 Bc5 40. Bh6 Nd8 41.
Ne3 Bxe3 42. Bxe3 Ne6 43. Kd3 h4 44. Kc3 g5 45. Kb4 Kc6 46. c5 Nf4 47. Kc4 Ne6
48. Kb4 Kd5 49. Kb5 f4 50. Bf2 e4 51. fxe4+ Kxe4 52. c6 f3 53. gxf3+ Kxf3 54.
Bc5 Kg3 55. Be7 Kxh3 56. Bxg5 1/2-1/2